000 00732nam a2200181Ia 4500
008 090124s9999 xx 000 0 und d
082 _b19261
100 _aगोखले सदाशिव धोेडो
245 _a श्री क्षेत्र उमदी महात्म्य़
250 _a1
260 _bगोखले आणि मंडळी
_c1957
300 _a56
600 _aगोखले सदाशिव धोेडो
630 _a श्री क्षेत्र उमदी महात्म्य़
700 _aगोखले सदाशिव धोेडो
730 _a श्री क्षेत्र उमदी महात्म्य़
942 _cBOOK
999 _c89966
_d89966